Normal view
MARC view
Entry Topical Term
001 - CONTROL NUMBER
- control field: 30612
003 - CONTROL NUMBER IDENTIFIER
- control field: OSt
005 - DATE AND TIME OF LATEST TRANSACTION
- control field: 20160109165205.0
008 - FIXED-LENGTH DATA ELEMENTS
- fixed length control field: 160109|| aca||aabn | a|a d
040 ## - CATALOGING SOURCE
- Original cataloging agency: OSt
- Transcribing agency: OSt
150 ## - HEADING--TOPICAL TERM
- Topical term or geographic name entry element: Travel
670 ## - SOURCE DATA FOUND
- Source citation: Work cat.: (OSt)36864: Goodenough, Lady 30611, The Chronicle of Muntaner, 1921









